Statistics for EU Countries with the Most Multilingual Residents

Click here to take the quiz!

General Stats

  • This quiz has been taken 67 times
  • The average score is 12 of 15

Answer Stats

# LanguagesAnswer#1 Language#2 Language#3 Language% Correct
3.6LuxembourgFrenchGermanLuxembourgish
98%
2.8DenmarkDanishEnglishGerman
95%
3.2NetherlandsDutchEnglishGerman
95%
3.0SloveniaSloveneSerbo-CroatianEnglish
95%
2.7EstoniaEstonianRussianEnglish
91%
2.7LatviaLatvianRussianEnglish
91%
2.7LithuaniaLithuanianRussianEnglish
91%
2.7MaltaMalteseEnglishItalian
91%
2.6BelgiumFrenchDutchEnglish
86%
2.6FinlandFinnishEnglishSwedish
82%
2.5SlovakiaSlovakCzechEnglish
81%
2.5SwedenSwedishEnglishGerman
79%
2.1CyprusGreekEnglishTurkish/French
61%
2.2AustriaGermanEnglishFrench
56%
2.0GermanyGermanEnglishFrench
46%

Score Distribution

Percentile by Number Answered

Percent of People with Each Score

Your Score History

You have not taken this quiz